<?xml version="1.0" encoding="UTF-8"?>
<record
    xmlns:xsi="http://www.w3.org/2001/XMLSchema-instance"
    xsi:schemaLocation="http://www.loc.gov/MARC21/slim http://www.loc.gov/standards/marcxml/schema/MARC21slim.xsd"
    xmlns="http://www.loc.gov/MARC21/slim">

  <leader>01530nam a22003257a 4500</leader>
  <datafield tag="999" ind1=" " ind2=" ">
    <subfield code="c">21907</subfield>
    <subfield code="d">21907</subfield>
  </datafield>
  <controlfield tag="003">AR-CdUCM</controlfield>
  <controlfield tag="008">190425b           ||||| |||| 00| 0 spa d</controlfield>
  <datafield tag="040" ind1=" " ind2=" ">
    <subfield code="a">MUNICIPALIDAD PROVINCIAL DEL CUSCO</subfield>
    <subfield code="c">BIBLIOTECA MUNICIPAL DEL CUSCO</subfield>
  </datafield>
  <datafield tag="082" ind1=" " ind2=" ">
    <subfield code="a">Rev.FD/N&#xB0;9/1999</subfield>
  </datafield>
  <datafield tag="110" ind1=" " ind2=" ">
    <subfield code="a">Universidad Nacional De San Antonio Abad del Cuzco</subfield>
    <subfield code="9">14483</subfield>
  </datafield>
  <datafield tag="245" ind1=" " ind2=" ">
    <subfield code="a">Revista de la Facultad de Derecho y Ciencias Pol&#xED;ticas /</subfield>
    <subfield code="c">Universidad Nacional de San Antonio Abad del Cuzco</subfield>
  </datafield>
  <datafield tag="260" ind1=" " ind2=" ">
    <subfield code="a">Cusco :</subfield>
    <subfield code="b">UNSAAC,</subfield>
    <subfield code="c">1999.</subfield>
  </datafield>
  <datafield tag="300" ind1=" " ind2=" ">
    <subfield code="a">250 p&#xE1;ginas. :</subfield>
    <subfield code="c">21 cm.</subfield>
  </datafield>
  <datafield tag="440" ind1=" " ind2=" ">
    <subfield code="a">Revista de la Facultad de Derecho y Ciencias Pol&#xED;ticas.</subfield>
    <subfield code="n">N&#xB0;9, 1999.</subfield>
    <subfield code="9">46780</subfield>
  </datafield>
  <datafield tag="505" ind1=" " ind2=" ">
    <subfield code="a">Contenido: La reelecci&#xF3;n presidencial en Am&#xE9;rica Latina. -- Legitimidad y poder judicial. -- Juzgamiento de los delitos comunes por los jueces militares. -- Trinidad Enr&#xED;quez la primera jurista del Cusco. -- La declaraci&#xF3;n mundial sobre la educaci&#xF3;n en el siglo XXI.</subfield>
  </datafield>
  <datafield tag="650" ind1=" " ind2=" ">
    <subfield code="a">Derecho del Per&#xFA;</subfield>
    <subfield code="9">46685</subfield>
  </datafield>
  <datafield tag="650" ind1=" " ind2=" ">
    <subfield code="a">Conciliaci&#xF3;n judicial</subfield>
    <subfield code="9">10957</subfield>
  </datafield>
  <datafield tag="650" ind1=" " ind2=" ">
    <subfield code="a">Facultad de Derecho del Cuzco</subfield>
    <subfield code="9">46697</subfield>
  </datafield>
  <datafield tag="650" ind1=" " ind2=" ">
    <subfield code="a">Tridimensionalismo jur&#xED;dico</subfield>
    <subfield code="9">46781</subfield>
  </datafield>
  <datafield tag="650" ind1=" " ind2=" ">
    <subfield code="a">Mar&#xED;a Trinidad Enr&#xED;quez</subfield>
    <subfield code="9">46109</subfield>
  </datafield>
  <datafield tag="650" ind1=" " ind2=" ">
    <subfield code="a">Poder Judicial</subfield>
    <subfield code="9">46782</subfield>
  </datafield>
  <datafield tag="700" ind1=" " ind2=" ">
    <subfield code="a">B&#xE9;jar Quispe, Jos&#xE9;</subfield>
    <subfield code="9">6070</subfield>
  </datafield>
  <datafield tag="700" ind1=" " ind2=" ">
    <subfield code="a">Valc&#xE1;rcel Gamarra, Pedro</subfield>
    <subfield code="9">46716</subfield>
  </datafield>
  <datafield tag="700" ind1=" " ind2=" ">
    <subfield code="a">Boluarte Medina, V&#xED;ctor</subfield>
    <subfield code="9">46783</subfield>
  </datafield>
  <datafield tag="700" ind1=" " ind2=" ">
    <subfield code="a">D&#xED;az Bedregal, Florencio</subfield>
    <subfield code="9">43536</subfield>
  </datafield>
  <datafield tag="700" ind1=" " ind2=" ">
    <subfield code="a">Zegarra Dongo, Manuel</subfield>
    <subfield code="9">46784</subfield>
  </datafield>
  <datafield tag="942" ind1=" " ind2=" ">
    <subfield code="2">ddc</subfield>
    <subfield code="c">PP</subfield>
  </datafield>
  <datafield tag="945" ind1=" " ind2=" ">
    <subfield code="a">rac</subfield>
  </datafield>
  <datafield tag="952" ind1=" " ind2=" ">
    <subfield code="0">0</subfield>
    <subfield code="2">ddc</subfield>
    <subfield code="4">0</subfield>
    <subfield code="7">0</subfield>
    <subfield code="a">HEM</subfield>
    <subfield code="b">HEM</subfield>
    <subfield code="c">CART</subfield>
    <subfield code="d">2021-10-12</subfield>
    <subfield code="g">10.00</subfield>
    <subfield code="o">Rev.FD/N&#xB0;9/1999</subfield>
    <subfield code="p">REVC000420</subfield>
    <subfield code="r">2021-10-12</subfield>
    <subfield code="y">PP</subfield>
  </datafield>
  <datafield tag="952" ind1=" " ind2=" ">
    <subfield code="0">0</subfield>
    <subfield code="2">ddc</subfield>
    <subfield code="4">0</subfield>
    <subfield code="7">0</subfield>
    <subfield code="a">HEM</subfield>
    <subfield code="b">HEM</subfield>
    <subfield code="c">CART</subfield>
    <subfield code="d">2021-10-12</subfield>
    <subfield code="g">10.00</subfield>
    <subfield code="o">Rev.FD/N&#xB0;9/1999/e.2</subfield>
    <subfield code="p">REVC000421</subfield>
    <subfield code="r">2021-10-12</subfield>
    <subfield code="y">PP</subfield>
  </datafield>
</record>
